000 01260 a2200265 4500
003 OSt
005 20260309120617.0
008 260116b |||||||| |||| 00| 0 eng d
037 _cREF
040 _aCRL
_cCRL
041 _2hin
_ahin
_hsan
084 _aQ23:224 Q9.1-.3 (RR)
_qCRL
100 _a
_9847050
245 _aश्रीगणेशमहापुराणम्
260 _aदिल्ली, भारत:
_bडी. पी. बी. पब्लिकेशन्स,
_c2019.
300 _aखण्ड 1 (1-648पृ.) खण्ड 2 (652-1080पृ.) खण्ड 3 (1081-1503पृ.)
365 _b4000.00
_cINR
546 _aTranslated from Sanskrit to Hindi
650 _aश्रीगणेशमहापुराणम्
_9898416
650 _aधर्म
_9898417
650 _aगणेश
_9898418
700 _aजैन, सुभाष
_eअनुवादक
_9898415
942 _cTB
_2CC
_n0
_hQ23:224 Q9.1-.3 (RR)
999 _c1464362
_d1464362